Les Pokémon de la 5ème génération - Unys - Statistiques

Statistiques générales
  • Ce quiz a été pris 167 fois
  • Le résultat moyen est 113 sur 156
Statistiques - réponses
Pokémon % Correct
499 Grotichon
97%
498 Gruikui
97%
494 Victini
97%
495 Vipélierre
97%
503 Clamiral
96%
497 Majaspic
96%
500 Roitiflam
96%
644 Zekrom
96%
496 Lianaja
94%
507 Ponchien
94%
643 Reshiram
94%
521 Déflaisan
93%
501 Moustillon
93%
519 Poichigeon
93%
506 Ponchiot
93%
647 Keldeo
92%
646 Kyurem
92%
508 Mastouffe
92%
511 Feuillajou
90%
512 Feuiloutan
90%
513 Flamajou
90%
514 Flamoutan
90%
515 Flotajou
90%
516 Flotoutan
90%
502 Mateloutre
89%
505 Miradar
89%
639 Terrakium
89%
640 Viridium
89%
638 Cobaltium
88%
504 Ratentif
88%
649 Genesect
86%
641 Boréas
83%
633 Solochi
83%
610 Coupenotte
82%
510 Léopardus
82%
542 Manternel
82%
635 Trioxhydre
82%
520 Colombeau
81%
634 Diamat
81%
648 Meloetta
81%
509 Chacripan
79%
645 Démétéros
79%
642 Fulguris
79%
517 Munna
79%
637 Pyrax
79%
636 Pyronille
79%
541 Couverdure
78%
553 Crocorible
78%
518 Mushana
78%
529 Rototaupe
78%
612 Tranchodon
78%
522 Zébibron
78%
523 Zéblitz
78%
621 Drakkarmin
76%
538 Judokrak
76%
530 Minotaupe
76%
562 Tutafeh
76%
563 Tutankafer
76%
543 Venipatte
76%
561 Cryptéro
75%
615 Hexagel
75%
611 Incisache
75%
539 Karaclée
75%
540 Larveyette
75%
551 Mascaïman
75%
613 Polarhume
75%
570 Zorua
75%
534 Bétochef
74%
555 Darumacho
74%
554 Darumarond
74%
587 Emolga
74%
552 Escroco
74%
526 Gigalithe
74%
614 Polagriffe
74%
544 Scobolide
74%
631 Aflamanoir
72%
545 Brutapode
72%
532 Charpenti
72%
607 Funécire
72%
609 Lugulabre
72%
578 Méios
72%
577 Nucléos
72%
579 Symbios
72%
571 Zoroark
72%
536 Batracné
71%
580 Couaneton
71%
628 Gueriaigle
71%
581 Lakmécygne
71%
524 Nodulithe
71%
533 Ouvrifier
71%
525 Géolithe
69%
593 Moyade
69%
535 Tritonde
69%
592 Viskuse
69%
632 Fermite
68%
627 Furaiglon
68%
596 Mygavolt
68%
595 Statitik
68%
564 Carapagos
67%
537 Crapustule
67%
565 Mégapagos
67%
608 Mélancolux
67%
575 Mesmérella
67%
576 Sidérella
67%
584 Sorbouboul
67%
602 Anchwatt
65%
527 Chovsourir
65%
617 Limaspeed
65%
528 Rhinolove
65%
620 Shaofouine
65%
583 Sorboul
65%
616 Escargaume
64%
586 Haydaim
64%
619 Kungfouine
64%
603 Lampéroie
64%
604 Ohmassacre
64%
630 Vaututrice
64%
585 Vivaldaim
64%
560 Baggaïd
63%
588 Carabing
63%
589 Lançargot
63%
574 Scrutella
63%
582 Sorbébé
63%
567 Aéroptéryx
61%
566 Arkéapti
61%
600 Clic
61%
601 Cliticlic
61%
597 Grindur
61%
598 Noacier
61%
559 Baggiguane
60%
531 Nanméouïe
60%
624 Scalpion
60%
625 Scalproie
60%
599 Tic
60%
629 Vostourno
60%
626 Frison
58%
623 Golemastoc
58%
568 Miamiasme
58%
572 Chinchidou
57%
622 Gringolem
57%
569 Miasmax
57%
573 Pashmilla
57%
556 Maracachi
56%
550 Bargantua
54%
549 Fragilady
54%
558 Crabaraque
53%
546 Doudouvet
53%
618 Limonde
53%
557 Crabicoque
51%
547 Farfaduvet
51%
548 Chlorobule
50%
605 Lewsor
47%
606 Neitram
47%
594 Mamanbo
40%
591 Gaulet
39%
590 Trompignon
38%
Aucun quiz correspondant
Distribution des résultats
% des personnes avec chaque résultat
Percentile par nombre de réponses
Votre historique - résultats
Vous n’avez pas pris ce quiz